| 000 | 00567nam a2200181 a 4500 | ||
|---|---|---|---|
| 005 | 20210219161456.0 | ||
| 008 | 081109s1982 mx r 000 0 spa d | ||
| 020 | _a9688011258 | ||
| 035 | _aUPN01000185921 | ||
| 049 | _aUNE | ||
| 080 | _a373.3(075) (72) QUI | ||
| 100 | 1 | _aQuiñones, Maia Rosa | |
| 245 | 1 | 3 |
_aEl libro de texto gratuito para la educación primaria / _cMaria Rosa quiñones. |
| 260 |
_aMéxico : _bSEP ; _bInstituto Latinoamericano de la Comunicación Educativa, _c1982. |
||
| 300 | _a19 p. | ||
| 440 | 0 | _aProspectiva año 2000 | |
| 905 | _aUNESCO | ||
| 999 |
_c158024 _d158024 |
||